Biggest Cities in the United States in 1880 - Statistics

General Stats
  • This quiz has been taken 11 times
  • The average score is 75 of 100
Answer Stats
Population State City % Correct
155,134 NY Buffalo
100%
503,185 IL Chicago
100%
255,139 OH Cincinnati
100%
51,647 OH Columbus
100%
116,340 MI Detroit
100%
55,785 MO Kansas City
100%
123,758 KY Louisville
100%
115,587 WI Milwaukee
100%
1,206,299 NY New York
100%
847,170 PA Philadelphia
100%
104,587 RI Providence
100%
63,600 VA Richmond
100%
233,959 CA San Francisco
100%
33,340 MA Springfield
100%
20,730 OH Springfield
100%
19,743 IL Springfield
100%
350,518 MO St. Louis
100%
29,910 NJ Trenton
100%
147,293 DC Washington
100%
90,758 NY Albany
91%
37,409 GA Atlanta
91%
21,891 GA Augusta
91%
332,313 MD Baltimore
91%
362,839 MA Boston
91%
49,984 SC Charleston
91%
160,146 OH Cleveland
91%
35,629 CO Denver
91%
22,408 IA Des Moines
91%
30,762 PA Harrisburg
91%
42,015 CT Hartford
91%
75,056 IN Indianapolis
91%
120,722 NJ Jersey City
91%
33,592 TN Memphis
91%
46,887 MN Minneapolis
91%
43,850 TN Nashville
91%
136,508 NJ Newark
91%
62,882 CT New Haven
91%
216,090 LA New Orleans
91%
156,389 PA Pittsburgh
91%
89,366 NY Rochester
91%
41,473 MN Saint Paul
91%
20,768 UT Salt Lake City
91%
20,550 TX San Antonio
91%
32,478 DE Wilmington
91%
58,291 MA Worcester
91%
27,643 CT Bridgeport
82%
566,663 NY Brooklyn
82%
52,669 MA Cambridge
82%
27,737 PA Erie
82%
32,016 MI Grand Rapids
82%
21,966 VA Norfolk
82%
30,518 NE Omaha
82%
33,810 ME Portland
82%
27,563 MA Salem
82%
30,709 GA Savannah
82%
51,792 NY Syracuse
82%
50,137 OH Toledo
82%
38,678 OH Dayton
73%
26,880 IN Fort Wayne
73%
32,630 NH Manchester
73%
29,132 AL Mobile
73%
43,278 PA Reading
73%
21,420 CA Sacramento
73%
45,850 PA Scranton
73%
33,914 NY Utica
73%
48,961 MA Fall River
64%
30,999 NJ Hoboken
64%
59,475 MA Lowell
64%
38,274 MA Lynn
64%
26,845 MA New Bedford
64%
34,555 CA Oakland
64%
20,207 NY Poughkeepsie
64%
27,268 IL Quincy
64%
56,747 NY Troy
64%
30,737 WV Wheeling
64%
41,659 NJ Camden
55%
21,831 IA Davenport
55%
28,229 NJ Elizabeth
55%
29,280 IN Evansville
55%
25,769 PA Lancaster
55%
51,031 NJ Paterson
55%
29,259 IL Peoria
55%
32,431 MO St. Joseph
55%
20,693 MI Bay City
45%
22,254 IA Dubuque
45%
22,248 TX Galveston
45%
23,339 PA Wilkes-Barre
45%
78,682 PA Allegheny
36%
29,720 KY Covington
36%
20,541 NY Elmira
36%
21,656 VA Petersburg
36%
24,933 MA Somerville
36%
21,924 NY Auburn
27%
21,782 MA Chelsea
27%
39,151 MA Lawrence
27%
21,116 NY Oswego
27%
21,213 MA Taunton
27%
26,042 IN Terra Haute
27%
21,915 MA Holyoke
18%
20,433 KY Kentucky
9%
No matching quizzes found
Score Distribution
Percent of People with Each Score
Percentile by Number Answered
Your Score History
You have not taken this quiz